| 000 | 00699nam a2200181Ia 4500 | ||
|---|---|---|---|
| 003 | GCL | ||
| 008 | 140319s9999 xx 000 0 ara d | ||
| 040 |
_aGCL / _cGCL |
||
| 082 | 0 | 4 |
_a915.31 _bب ر |
| 100 | 1 | _aبيركهارت، جون لويس | |
| 245 | 1 | 0 |
_aرحلات الى شبه الجزيرة العربية : _bيتضمن وصفا لمناطق فى الحجاز / _cبيركهارت، جون لويس |
| 250 | _aالاولى | ||
| 260 |
_aالاردن : _bمؤسسة الانتشار العربى ، _c2005 |
||
| 300 |
_a399 ص ؛ _c24 سم |
||
| 650 | 0 | 4 | _aالسعودية - وصف ورحلات |
| 650 | 0 | 4 | _aشبه الجزيرة العربية - وصف ورحلات |
| 942 |
_2ddc _cBK |
||
| 999 |
_c8124 _d8124 |
||